آليات الابداع ومعوقاتة فى العلوم الاجتماعية / (Record no. 66197)
[ view plain ]
| 000 -الفاتح | |
|---|---|
| حقل البيانات ثابتة الطول | 01166nam a2200265Ia 4500 |
| 005 - وقت وتاريخ اخر تعامل مع التسجيلة | |
| رقم الضبط | 20240530110905.0 |
| 008 - عناصر البيانات ثابتة الطول - معلومات عامة | |
| حقل البيانات ثابتة الطول | 140319s2006 ua a g b 000 0 ara d |
| 017 ## - رقم الايداع القانونى | |
| رقم الايداع القانونى | 2007/8507 |
| المصدر ( الهيئة المختصة) | مصر. دار الكتب |
| 020 ## - الرقم الدولى المعيارى للكتب | |
| الرقم الدولى المعيارى للكتاب | 9772158973 |
| 040 ## - مصدر الفهرسة | |
| وكالة الفهرسة الأصلية | GCL / |
| وكالة النسخ | GCL |
| 082 04 - رقم تصنيف ديوى العشرى | |
| رقم التصنيف | 302.072/ |
| رقم المادة | م آ |
| رقم الطبعة | 21 |
| 100 0# - المدخل الرئيسى - إسم شخصى | |
| الإسم الشخصى | معتز سيد عبدالله |
| 245 10 - بيان العنوان | |
| العنوان | آليات الابداع ومعوقاتة فى العلوم الاجتماعية / |
| بيان المسئوليه,etc | اعداد معتز سيد عبدالله، شاكر عبد الحميد، عبداللطيف محمد خليفة |
| 260 ## - PUBLICATION, DISTRIBUTION, ETC. (IMPRINT) | |
| تاريخ النشر أو التوزيع | 2006. |
| 300 ## - الوصف المادى | |
| التعداد | 282 ص : |
| تفاصيل ماديه اخرى للوعاء | جداول ؛ |
| أبعاد الوعاء | 24 سم. |
| 490 ## - بيان السلسلة | |
| عنوان السلسلة | الهيئة العامة للاستعلامات |
| رقم المجلد/ التعيين التسلسلي | 0 |
| 504 ## - تبصرة ببليوجرافية | |
| تبصرة ببليوجرافية,الخ | يشتمل على ارجاعات ببليوجرافية |
| 650 07 - المدخل الاضافى بالموضوع-مصطلح موضوعى | |
| مصطلح موضوعي | الابداع |
| مصدر الرأس أو المصطلح | qrmak |
| 650 07 - المدخل الاضافى بالموضوع-مصطلح موضوعى | |
| مصطلح موضوعي | علم النفس الاجتماعى |
| مصدر الرأس أو المصطلح | qrmak |
| 650 07 - المدخل الاضافى بالموضوع-مصطلح موضوعى | |
| مصطلح موضوعي | البحث العلمى |
| مصدر الرأس أو المصطلح | qrmak |
| 700 0# - المدخل الاضافى - اسم شخصى | |
| الإسم الشخصى | شاكر عبد الحميد |
| الدور | مؤلف مشارك |
| 700 0# - المدخل الاضافى - اسم شخصى | |
| الإسم الشخصى | عبداللطيف محمد خليفة |
| الدور | مؤلف مشارك |
| 942 ## - عناصر المدخل الإضافي( كوها) | |
| مصدر التصنيف او مخطط الترفيف | Dewey Decimal Classification |
| Koha [default] item type | كتاب |
| 260 ## - PUBLICATION, DISTRIBUTION, ETC. (IMPRINT) | |
| -- | القاهرة : |
| -- | دار غريب للطباعة والنشر والتوزيع، |
| حالة التراجع | حالة الفقد | مصدر التصنيف او خطة الترفيف | حالة تلف | ليس للاعارة | المكان المؤقت | الموقع الحالى | موقع الترفيف | تاريخ الاكتساب | اجمالي اﻻعارات | رقم الطلب | الباركود | تاريخ اخر مشاهدة | تاريخ تفعيل السعر | نوع وعاء كوها |
|---|---|---|---|---|---|---|---|---|---|---|---|---|---|---|
| ddc | مكتبة القاهرة الكبرى | مكتبة القاهرة الكبرى | ق الرئيسية_العلوم الاجتماعية_ك عربى | 02/21/2022 | 302.072/ م آ | 167462 | 02/21/2022 | 02/21/2022 | كتاب |

